000 00918nam a22001817a 4500
005 20260127145522.0
008 230715b ||||| |||| 00| 0 eng d
040 _cSSBUL
_dSSBUL
082 _223
_a၆၆၅.၅၀၉၅၉၁ ခင် ၁၅၉၉၄ (S-SAT)
100 _aခင်မောင်ကြီး၊
_cဦး။
_916515
245 _aမြန်မာ့ရေနံ သမိုင်း /
_cဦးခင်မောင်ကြီး။
260 _aရန်ကုန်၊
_bစာပေဗိမာန်။
300 _a၁၂၂ စာမျက်နှာ၊
_bဓာတ်ပုံများ၊
_c၁၈ စင်တီ။
440 _aစာပေဗိမာန်ထုတ် ပြည်သူ့လက်စွဲစာစဉ်။
_927865
500 _aS-SAT: Dr. Prof Sai Aung Tun
650 _aရေနံ
_zမြန်မာနိုင်ငံ။
_928055
942 _2ddc
_cBK1
999 _c27252
_d27252